[Event "Kiel op 30th"]
[Site "Kiel"]
[Date "2017.08.04"]
[Round "9.13"]
[White "Light, Bjarne"]
[Black "Gutschenreiter, Donato"]
[Result "1-0"]
[WhiteElo "2196"]
[BlackElo "1714"]
[PlyCount "61"]
[EventDate "2017.07.29"]
[EventType "swiss"]
[EventRounds "9"]
[EventCountry "GER"]
[SourceTitle "EXT 2018"]
[Source "ChessBase"]
[SourceDate "2017.10.13"]
[SourceVersion "1"]
[SourceVersionDate "2017.10.13"]
[SourceQuality "1"]

1. c4 Nf6 2. g3 Nc6 3. Bg2 e5 4. Nc3 Bc5 5. a3 a5 6. e3 d6 7. Nge2 Bf5 8. d4 exd4 9. exd4 Bb6 10. h3 0-0 11. Be3 Re8 12. g4 Bg6 13. 0-0 Rb8 14. Nf4 Ne7 15. c5 Ba7 16. Nb5 Nc8 17. Nxg6 hxg6 18. Rc1 Qd7 19. Qb3 c6 20. Nxa7 Nxa7 21. Bf4 Nc8 22. Rfd1 Qe6 23. Qg3 Nd5 24. Bd2 Ra8 25. Re1 Qd7 26. Rxe8+ Qxe8 27. Bxd5 cxd5 28. Qb3 Qc6 29. cxd6 Qxd6 30. Qxb7 Nb6 31. Rc6 1-0

[Event "Kiel op 30th"]
[Site "Kiel"]
[Date "2017.07.30"]
[Round "4"]
[White "Gutschenreiter, Donato"]
[Black "Wanner, Lukas"]
[Result "0-1"]
[WhiteElo "1714"]
[BlackElo "2008"]
[PlyCount "86"]
[EventDate "2017.07.29"]
[EventType "swiss"]
[EventRounds "9"]
[EventCountry "GER"]
[SourceTitle "EXT 2018"]
[Source "ChessBase"]
[SourceDate "2017.10.13"]
[SourceVersion "1"]
[SourceVersionDate "2017.10.13"]
[SourceQuality "1"]

1. e4 c5 2. Nf3 g6 3. d4 cxd4 4. Nxd4 Bg7 5. c4 Nc6 6. Be3 Nf6 7. Nc3 0-0 8. Be2 d6 9. 0-0 Bd7 10. h3 Nxd4 11. Bxd4 Bc6 12. Qc2 a5 13. Rad1 Nd7 14. Bxg7 Kxg7 15. Rd2 Qb6 16. Nd5 Bxd5 17. exd5 f5 18. Qc3+ Ne5 19. Qd4 Qxd4 20. Rxd4 f4 21. Bg4 h5 22. Be6 g5 23. f3 h4 24. Rc1 b6 25. Rc3 a4 26. Ra3 Rfb8 27. Bf5 Kf6 28. Bb1 Rc8 29. Rc3 Ra5 30. Bc2 Rac5 31. Bxa4 Rxc4 32. Rdxc4 Rxc4 33. Bb3 Rxc3 34. bxc3 Nd7 35. a3 Ke5 36. Ba4 Nf6 37. c4 Kd4 38. Bb5 Kc5 39. a4 Nh5 40. Kf2 Ng3 41. Bd7 Kxc4 42. Be6 Kd4 43. Ke1 Nh5 0-1

[Event "GER-ch U25-A"]
[Site "Willingen"]
[Date "2017.06.07"]
[Round "6"]
[White "Wensing, Maximilian"]
[Black "Gutschenreiter, Donato"]
[Result "1/2-1/2"]
[WhiteElo "1883"]
[BlackElo "1633"]
[PlyCount "59"]
[EventDate "2017.06.04"]
[EventType "swiss"]
[EventRounds "9"]
[EventCountry "GER"]
[SourceTitle "CBM 178 Extra"]
[Source "ChessBase"]
[SourceDate "2017.06.22"]
[SourceVersion "1"]
[SourceVersionDate "2017.06.22"]
[SourceQuality "1"]

1. e4 c5 2. Nf3 d6 3. d4 cxd4 4. Nxd4 Nf6 5. Nc3 g6 6. Be3 Bg7 7. f3 0-0 8. Qd2 Nc6 9. 0-0-0 Bd7 10. g4 Ne5 11. h4 h5 12. gxh5 Nxh5 13. Bh6 a6 14. Rg1 b5 15. Bxg7 Kxg7 16. Nf5+ Bxf5 17. Be2 Bd7 18. f4 Nc4 19. Qd4+ Kh6 20. Bxh5 e5 21. fxe5 dxe5 22. Qxd7 Qxd7 23. Rxd7 Kxh5 24. b3 Ne3 25. Rg5+ Kxh4 26. Rxe5 Rad8 27. Ra7 Rc8 28. Kd2 Rfd8+ 29. Kxe3 Rxc3+ 30. Kf4 1/2-1/2

[Event "GER-ch U14"]
[Site "Willingen"]
[Date "2016.05.19"]
[Round "7"]
[White "Roth, Jakob"]
[Black "Gutschenreiter, Donato"]
[Result "1-0"]
[WhiteElo "1812"]
[BlackElo "1829"]
[PlyCount "85"]
[EventDate "2016.05.15"]
[EventType "swiss"]
[EventRounds "9"]
[EventCountry "GER"]
[SourceTitle "CBM 172 Extra"]
[Source "ChessBase"]
[SourceDate "2016.06.21"]
[SourceVersion "1"]
[SourceVersionDate "2016.06.21"]
[SourceQuality "1"]

1. d4 Nf6 2. c4 e6 3. Nc3 c5 4. d5 exd5 5. cxd5 d6 6. e4 g6 7. f4 Bg7 8. Bb5+ Nfd7 9. Nf3 0-0 10. 0-0 a6 11. Bd3 b5 12. a3 Re8 13. Kh1 Nf6 14. Re1 Bg4 15. h3 Bxf3 16. Qxf3 Nbd7 17. Be3 Qc7 18. Bf2 Rab8 19. Re2 Nb6 20. Rae1 Nfd7 21. Bg3 b4 22. axb4 cxb4 23. Nd1 a5 24. Bb5 Re7 25. Bh4 f6 26. Ne3 Rbe8 27. Nc2 Qc5 28. Bc6 Nc8 29. Bf2 Qc4 30. Nd4 Qa6 31. Ne6 Qc4 32. Bd4 Rxe6 33. Bxd7 R6e7 34. Bxe8 Qxd4 35. Bc6 Nb6 36. Qe3 Qxe3 37. Rxe3 Nc4 38. R3e2 Bh6 39. g3 Ra7 40. Rc1 Ne5 41. Bb5 Kf7 42. Rec2 Nf3 43. Rc7+ 1-0

[Event "Grenzturnering Master 1516"]
[Site "Denmark"]
[Date "2016.04.04"]
[Round "7"]
[White "Gutschenreiter, Donato"]
[Black "Heinemann, Guido"]
[Result "0-1"]
[WhiteElo "1603"]
[BlackElo "1707"]
[PlyCount "76"]
[EventDate "2015.10.20"]
[EventType "tourn"]
[EventRounds "9"]
[EventCountry "DEN"]
[SourceTitle "EXT 2023"]
[Source "ChessBase"]
[SourceDate "2022.10.05"]
[SourceVersion "1"]
[SourceVersionDate "2022.10.05"]
[SourceQuality "1"]

1. c4 e6 2. g3 Nf6 3. Bg2 Nc6 4. e3 Be7 5. Nc3 0-0 6. Nge2 Ne5 7. d3 c6 8. 0-0 d5 9. cxd5 exd5 10. f4 Ned7 11. a3 Nb6 12. b4 Bg4 13. h3 Bxe2 14. Qxe2 d4 15. Ne4 dxe3 16. Bxe3 Nxe4 17. dxe4 Qc8 18. Rad1 Qe6 19. e5 Rfd8 20. Bxb6 axb6 21. f5 Qb3 22. Rxd8+ Rxd8 23. f6 Bf8 24. Kh2 Qd3 25. Qg4 Qg6 26. Qh4 Rd2 27. Kh1 Re2 28. Rf4 Qb1+ 29. Rf1 Qc2 30. fxg7 Bxg7 31. Qd8+ Bf8 32. Qe8 Qg6 33. Rf6 Qxf6 34. Qxf8+ Kxf8 35. exf6 Re3 36. g4 Rxa3 37. Be4 Rxh3+ 38. Kg2 Rb3 0-1

[Event "Magdeburg op-B"]
[Site "Magdeburg"]
[Date "2014.06.10"]
[Round "4"]
[White "Wu, Erik"]
[Black "Gutschenreiter, Donato"]
[Result "1-0"]
[WhiteElo "1187"]
[BlackElo "1362"]
[PlyCount "91"]
[EventDate "2014.06.08"]
[EventType "swiss"]
[EventRounds "9"]
[EventCountry "GER"]
[SourceTitle "CBM 160 Extra"]
[Source "ChessBase"]
[SourceDate "2014.07.01"]
[SourceVersion "1"]
[SourceVersionDate "2014.07.01"]
[SourceQuality "1"]

1. e4 e6 2. d4 d5 3. Nc3 Nf6 4. Bg5 Be7 5. e5 Nfd7 6. Bxe7 Qxe7 7. Qd2 a6 8. f4 Nc6 9. Nf3 Nb6 10. Bd3 Qb4 11. 0-0-0 Bd7 12. a3 Qe7 13. g4 Na5 14. Nxd5 Nb3+ 15. cxb3 exd5 16. f5 g6 17. e6 fxe6 18. fxe6 Bc6 19. Rhf1 0-0-0 20. Rde1 Rhe8 21. Ng5 Rf8 22. Rf7 Rxf7 23. exf7 Qd7 24. Ne6 Qxf7 25. Nxd8 Kxd8 26. Rf1 Qe7 27. Qf4 Nd7 28. Kc2 Qh4 29. g5 Qh3 30. Qg3 Qe6 31. h4 Bb5 32. Bxb5 axb5 33. Re1 Qb6 34. Qe3 c5 35. dxc5 Qxc5+ 36. Qxc5 Nxc5 37. Re5 b6 38. Rxd5+ Ke7 39. b4 Ke6 40. Rd8 Nd7 41. b3 Ke7 42. Rh8 Nf8 43. a4 bxa4 44. bxa4 Kf7 45. a5 bxa5 46. bxa5 1-0

[Event "Kiel op-B 26th"]
[Site "Kiel"]
[Date "2013.07.31"]
[Round "7"]
[White "Gutschenreiter, Donato"]
[Black "Isler, Benjamin"]
[Result "1/2-1/2"]
[WhiteElo "1149"]
[BlackElo "1329"]
[PlyCount "33"]
[EventDate "2013.07.27"]
[EventType "swiss"]
[EventRounds "9"]
[EventCountry "GER"]
[SourceTitle "EXT 2018"]
[Source "ChessBase"]
[SourceDate "2017.10.13"]
[SourceVersion "1"]
[SourceVersionDate "2017.10.13"]
[SourceQuality "1"]

1. c4 Nf6 2. d4 e6 3. Nf3 c6 4. g3 d5 5. c5 b6 6. cxb6 Qxb6 7. Qb3 Bb4+ 8. Bd2 Bxd2+ 9. Nbxd2 Nbd7 10. Qxb6 axb6 11. Bg2 h6 12. 0-0 Ba6 13. Rfe1 0-0 14. a3 Rfe8 15. e4 dxe4 16. Nxe4 Red8 17. Nxf6+ 1/2-1/2

[Event "Kiel op-B 26th"]
[Site "Kiel"]
[Date "2013.07.27"]
[Round "1"]
[White "Gutschenreiter, Donato"]
[Black "Hoffmann, Thomas"]
[Result "0-1"]
[WhiteElo "1149"]
[BlackElo "1576"]
[PlyCount "60"]
[EventDate "2013.07.27"]
[EventType "swiss"]
[EventRounds "9"]
[EventCountry "GER"]
[SourceTitle "EXT 2018"]
[Source "ChessBase"]
[SourceDate "2017.10.13"]
[SourceVersion "1"]
[SourceVersionDate "2017.10.13"]
[SourceQuality "1"]

1. c4 Nf6 2. d4 g6 3. Nf3 Bg7 4. g3 0-0 5. Bg2 d6 6. 0-0 c6 7. e3 Qc7 8. Nc3 a6 9. h4 Bg4 10. Qb3 Nbd7 11. Ng5 Nb6 12. Nge4 Be6 13. Nd2 Nxc4 14. Nxc4 b5 15. Qd1 Bxc4 16. Re1 Be6 17. Qf3 Rac8 18. a4 b4 19. Ne2 Bd5 20. Qf4 e5 21. dxe5 dxe5 22. Qxb4 Bxg2 23. Kxg2 c5 24. Qc4 Qc6+ 25. Kg1 Rfd8 26. b3 Rd6 27. Bb2 Qf3 28. Rf1 Ne4 29. Bc1 Nxf2 30. Nc3 Qxg3# 0-1